El abrazo Perón-Ibañez

保存先:
書誌詳細
フォーマット: 図書
言語:スペイン語
出版事項: Santiago Confraternidad Americana 1950
主題:
タグ: タグ追加
タグなし, このレコードへの初めてのタグを付けませんか!

MARC

LEADER 00000nam a2200000 a 4500
001 UCP9349
003 CL-VaPUC
008 000324e19500000CL |||||||||||||||||spa|d
082 0 4 |a 327.82083  |b ABR  |2 21 
245 1 3 |a El abrazo Perón-Ibañez 
300 |a pag. irreg 
942 |c BK 
945 |d 20000324 00:00:00  |a crobeson 
260 |a Santiago  |b Confraternidad Americana  |c 1950 
600 0 |a Ibáñez del Campo, Carlos  |9 308285 
600 0 7 |a PERON, JUAN DOMINGO  |2 CL-VaPUC  |9 320276 
650 0 |a Relaciones Internacionales  |9 255740 
650 0 |a Política internacional  |9 255813 
651 7 |a CHILE  |2 CL-VaPUC  |9 439860 
651 0 |a Argentina  |9 254888 
583 |a last modification  |c 20000324 00:00:00  |k Rodrigo Vera 
999 |c 286172  |d 286170 
952 |0 0  |1 0  |4 0  |6 327_820830000000000_ABR_1950  |7 0  |8 A  |9 331656  |a BIBHIS  |b BIBHIS  |d 2019-11-20  |i 1391933  |o 327.82083 ABR 1950  |p 1391933  |r 2025-01-20  |w 2019-11-20  |y BK  |k HIS